PRINCIPIOS DE CLINICA ODONTOLOGICA (Registro nro. 12798)
[ vista simple ]
| 000 -LEADER | |
|---|---|
| fixed length control field | 00498nam a2200193 a 4500 |
| 001 - CONTROL NUMBER | |
| control field | 12798 |
| 005 - DATE AND TIME OF LATEST TRANSACTION | |
| control field | 20230414123552.0 |
| 008 - FIXED-LENGTH DATA ELEMENTS--GENERAL INFORMATION | |
| fixed length control field | 140415s1986 mx 000 0 spa d |
| 041 ## - LANGUAGE CODE | |
| Language code of text/sound track or separate title | spa |
| 082 ## - DEWEY DECIMAL CLASSIFICATION NUMBER | |
| Classification number | 617.6 |
| Item number | CHA |
| 100 1# - MAIN ENTRY--PERSONAL NAME | |
| Personal name | CHASTEEN, JOSE E. |
| 245 10 - TITLE STATEMENT | |
| Title | PRINCIPIOS DE CLINICA ODONTOLOGICA |
| 250 ## - EDITION STATEMENT | |
| Edition statement | 2a ed. |
| 260 ## - PUBLICATION, DISTRIBUTION, ETC. | |
| Place of publication, distribution, etc. | MEXICO : |
| Name of publisher, distributor, etc. | EL MANUAL MODERNO, |
| Date of publication, distribution, etc. | 1986 |
| 300 ## - PHYSICAL DESCRIPTION | |
| Extent | 623 |
| 650 14 - SUBJECT ADDED ENTRY--TOPICAL TERM | |
| Topical term or geographic name entry element | ODONTOLOGIA |
| 700 1# - ADDED ENTRY--PERSONAL NAME | |
| Personal name | SAPIÑA RENARD, SANTIAGO |
| Relator term | tr. |
| 700 1# - ADDED ENTRY--PERSONAL NAME | |
| Personal name | BIRD, DONI WINGATE |
| Relator term | pról. |
| Withdrawn status | Lost status | Source of classification or shelving scheme | Damaged status | Not for loan | Collection code | Home library | Current library | Shelving location | Date acquired | Source of acquisition | Inventory number | Total Checkouts | Total Renewals | Full call number | Barcode | Date last seen | Date last checked out | Price effective from | Koha item type |
|---|---|---|---|---|---|---|---|---|---|---|---|---|---|---|---|---|---|---|---|
| Dewey Decimal Classification | General | Biblioteca Karol Wojtyla | Biblioteca Karol Wojtyla | Sala general | 03/12/2013 | Compra | 151000000000000000069540 | 7 | 1 | 617.6 CHA | 2947 | 05/01/2026 | 09/10/2019 | 03/12/2013 | Libro | ||||
| Dewey Decimal Classification | General | Biblioteca Karol Wojtyla | Biblioteca Karol Wojtyla | Sala general | 03/12/2013 | Compra | 151000000000000000008092 | 8 | 617.6 CHA | 4967 | 05/01/2026 | 28/08/2025 | 03/12/2013 | Libro |